000 00361nam a2200145Ia 4500
008 230711s9999||||xx |||||||||||||| ||und||
041 _aENG
082 _a621
_bHI-M
100 _aHiggins,Raymond A
245 0 _aMaterials for engineering technician
250 _a2nd
260 _c1987
_aNew Delhi
_bElbs Britain
650 _aMechanical Engineering
942 _cBK
999 _c964
_d964